| 000 | 00937cam a2200181 4500 | ||
|---|---|---|---|
| 001 | WB3817-21 | ||
| 008 | 020509n2002 000 0 eng u | ||
| 035 | _a(Sirsi) u117908 | ||
| 245 | _aRevised Royal Charter and Bye-laws published | ||
| 260 | _c2002 | ||
| 490 |
_aRICS News Service _v2 May 2002, (1) |
||
| 520 | _aFollowing the Privy Council approving all the Special Resolutions passed by the organisationαs General Meeting on 7 November, the duly revised Charter and Bye-Laws of RICS have now been published. The full text of the revised Charter and Bye-Laws can be bought from RICS Books (http://www.ricsbooks.com/), price £9.00 per copy. Code: 6484. e: [email protected] t: +44(0)20 7222 7000 ask for Mail Order. http://www.rics.org/ricscms/bin/show?class=News&template=/includes/shownews.html&id=2423 | ||
| 590 | _aWB | ||
| 650 | _aRICS BYE-LAWS | ||
| 650 | _aRICS ROYAL CHARTER | ||
| 690 | _aRICS NEWS | ||
| 942 | _n0 | ||
| 999 |
_c70225 _d70225 |
||